00674nam a2200169 a 450000100060000000300090000600800410001502000150005604000280007108200170009910000380011624500270015426000230018130000100020450501820021465001080039622720CO-ViMGA141112s2004 ck r 000 u spa d a9586904933 aCO-ViMGAbspacCO-ViMGA04a364.45 R154d1 aRamirez Sanguino Waldyr Giovanny10aEl delito de genocidio aColombia : bLeyer a220p. aAntecedentes , El genocidio en el contexto de los delitos de derecho internacional, El genocidio en ordenamiento penal colombiano, El genocidio en el ámbito social colombiano14aGENOCIDIO - LEGISLACION - COLOMBIA, CRIMINES CONTRA LA HUMANIDAD, PROCESOS POR GENOCIDIO - LEGISLACION